تحميل...
Chathuppu nilam /
| المؤلف الرئيسي: | |
|---|---|
| التنسيق: | Printed Book |
| اللغة: | Malayalam |
| منشور في: |
S.P.C.S. ,
1969.
|
| الموضوعات: |
| LEADER | 00504nam a2200157Ia 4500 | ||
|---|---|---|---|
| 008 | 150624b xxu||||| |||| 00| j mal d | ||
| 082 | |a 855.3U1 | ||
| 100 | |a Unnikrishnan Puthoor | ||
| 245 | |c Unnikrishnan Puthoor |a Chathuppu nilam / | ||
| 260 | |b S.P.C.S. , |c 1969. | ||
| 300 | |a 145 p. | ||
| 546 | |a In Malayalam. | ||
| 650 | |v Short stories | ||
| 942 | |c BK | ||
| 999 | |c 74106 |d 74106 | ||
| 952 | |0 0 |1 0 |4 0 |6 855_000000000000000_3U1_CHA_M |7 0 |9 74052 |a UL |b UL |c ST2 |d 1998-08-28 |l 0 |o 855.3U1 CHA M |p 15973 |r 2012-10-27 |w 2012-10-27 |y BK | ||